| 000 | 00325 a2200097 4500 | ||
|---|---|---|---|
| 020 | _a9789356063976 | ||
| 100 | _aMagnus Ekman | ||
| 245 | _aLearning deep learning: theory and practice of neural networks, computer vision, natural language processing, and transformers using tensorflow | ||
| 260 |
_bPearson _c2025 |
||
| 942 | _cOO | ||
| 999 |
_c115582 _d115581 |
||